| 000 | 00647nmc a2200241 a 4500 | ||
|---|---|---|---|
| 003 | AR-BaBNM | ||
| 005 | 20251128203450.0 | ||
| 008 | 017019s1979 ||||||||||||||000 | spa|| | ||
| 040 | _cAR-BaBNM | ||
| 100 | 1 |
_aHyde, Margaret Oldroyd _d1917- |
|
| 245 | 1 | 0 | _aAnimales que sirven a la ciencia |
| 250 | _a1ยช ed. | ||
| 260 |
_aBuenos Aires _bKapelusz _c1979 |
||
| 300 | 0 |
_a127 p. _bil. |
|
| 490 | 0 |
_aClub de ciencias _vv. 4 |
|
| 650 | 4 | _aCIENCIAS NATURALES | |
| 650 | 4 | _aANIMALES DE LABORATORIO | |
| 650 | 4 | _aINVESTIGACION | |
| 650 | 4 | _aACTIVIDADES DE APRENDIZAJE | |
| 700 | 1 |
_aHutchinson, P.A. _eilustrador |
|
| 942 | _cBK | ||
| 998 | _cCarmen | ||
| 999 |
_c3510 _d3510 |
||